<?xml version="1.0" encoding="UTF-8"?>
<record
    xmlns:xsi="http://www.w3.org/2001/XMLSchema-instance"
    xsi:schemaLocation="http://www.loc.gov/MARC21/slim http://www.loc.gov/standards/marcxml/schema/MARC21slim.xsd"
    xmlns="http://www.loc.gov/MARC21/slim">

  <leader>01818nam a22002417a 4500</leader>
  <datafield tag="999" ind1=" " ind2=" ">
    <subfield code="c">6303</subfield>
    <subfield code="d">6303</subfield>
  </datafield>
  <controlfield tag="003">DO-SdBJH</controlfield>
  <controlfield tag="005">20210706145203.0</controlfield>
  <controlfield tag="008">210706b           ||||| |||| 00| 0 spa d</controlfield>
  <datafield tag="040" ind1=" " ind2=" ">
    <subfield code="a">DO-SdBJH</subfield>
    <subfield code="b">spa</subfield>
    <subfield code="c">DO-SdBJH</subfield>
  </datafield>
  <datafield tag="090" ind1=" " ind2=" ">
    <subfield code="a">TG EGDC</subfield>
    <subfield code="b">01584 2019</subfield>
  </datafield>
  <datafield tag="100" ind1="1" ind2=" ">
    <subfield code="a">Del Rosario De La Rocha, Christian G.</subfield>
    <subfield code="e">sustentante</subfield>
  </datafield>
  <datafield tag="245" ind1="1" ind2="0">
    <subfield code="a">Propuesta de Plan de Contingencia ante los efectos de un terremoto en el edificio que ocupa la Rector&#xED;a del Instituto Superior para la Defensa en el Ministerio de Defensa de la Rep&#xFA;blica Dominicana,  2019 / </subfield>
    <subfield code="c"> Christian G. Del Rosario De La Rocha, Rolando Alexis Guzm&#xE1;n S&#xE1;nchez, asesores Freddy Antonio Marte Acosta, Tebi E. Rodr&#xED;guez Hern&#xE1;ndez</subfield>
  </datafield>
  <datafield tag="260" ind1=" " ind2=" ">
    <subfield code="a">Santo Domingo :</subfield>
    <subfield code="b">INSUDE, </subfield>
    <subfield code="c">2019</subfield>
  </datafield>
  <datafield tag="300" ind1=" " ind2=" ">
    <subfield code="a">vii, 67 p&#xE1;ginas</subfield>
  </datafield>
  <datafield tag="502" ind1=" " ind2=" ">
    <subfield code="a">Tesis (Especialidad en Comando y Estado Mayor Conjunto) -- Instituto Superior para la Defensa (INSUDE). &#x2013; Escuela de Graduados de Doctrina Conjunta &#x201C;General de Divisi&#xF3;n Gregorio Luper&#xF3;n&#x201D; 2019</subfield>
  </datafield>
  <datafield tag="504" ind1=" " ind2=" ">
    <subfield code="a"> Incluye referencias bibliogr&#xE1;ficas e &#xED;ndices</subfield>
  </datafield>
  <datafield tag="505" ind1=" " ind2=" ">
    <subfield code="a">Riesgos de las instalaciones del Recinto del Ministerio de Defensa de Rep&#xFA;blica Dominicana ante los fen&#xF3;menos s&#xED;smicos. -- Capacidad de reacci&#xF3;n existente en el edificio que ocupa la Rector&#xED;a del Instituto Superior para la Defensa "INSUDE" ante un eventual terremoto. -- Propuesta de plan de contingencia para el edificio que ocupa la Rector&#xED;a del Instituto Superior para la Defensa "INSUDE" ante un eventual terremoto</subfield>
  </datafield>
  <datafield tag="700" ind1="1" ind2=" ">
    <subfield code="a"> Guzm&#xE1;n S&#xE1;nchez, Rolando Alexis</subfield>
    <subfield code="e">sustentante</subfield>
  </datafield>
  <datafield tag="700" ind1="1" ind2=" ">
    <subfield code="a">Marte Acosta, Freddy Antonio </subfield>
    <subfield code="e">asesor</subfield>
  </datafield>
  <datafield tag="700" ind1="1" ind2=" ">
    <subfield code="a">Rodr&#xED;guez Hern&#xE1;ndez, Tebi E. </subfield>
    <subfield code="e">asesor</subfield>
  </datafield>
  <datafield tag="830" ind1=" " ind2=" ">
    <subfield code="a">INSUDE.  Escuela de Graduados de Doctrina Conjunta &#x201C;General de Divisi&#xF3;n Gregorio Luper&#xF3;n&#x201D; 2017. Tesis y disertaciones acad&#xE9;micas</subfield>
  </datafield>
  <datafield tag="942" ind1=" " ind2=" ">
    <subfield code="2">CL</subfield>
    <subfield code="c">T</subfield>
  </datafield>
  <datafield tag="952" ind1=" " ind2=" ">
    <subfield code="0">0</subfield>
    <subfield code="1">0</subfield>
    <subfield code="2">CL</subfield>
    <subfield code="4">0</subfield>
    <subfield code="7">1</subfield>
    <subfield code="8">TG</subfield>
    <subfield code="a">BJHA</subfield>
    <subfield code="b">BJHA</subfield>
    <subfield code="d">2021-07-06</subfield>
    <subfield code="i">01584</subfield>
    <subfield code="l">0</subfield>
    <subfield code="o">TG EGDC 01584 2019</subfield>
    <subfield code="p">01584</subfield>
    <subfield code="r">2021-07-06 00:00:00</subfield>
    <subfield code="t">e.1</subfield>
    <subfield code="w">2021-07-06</subfield>
    <subfield code="y">T</subfield>
  </datafield>
</record>
